000 00497nam a2200169Ia 4500
005 20250603145541.0
008 250603s9999 xx 000 0 und d
020 _a9781801071970
050 _aQA 76.73.P98 .G67/
100 _aGeorge, Nathan
245 0 _aPractical data science with python: learn tools and techniques from hands-on examples to extract insights from data
260 _aBirmingham
260 _bPackt Publishing Ltd.
260 _c2021
650 _aBirmingham
942 _cBK
999 _c42182
_d42182